000 00290nam a2200121 a 4500
008 100921s1986|||| d
245 1 0 _aPasáček z doliny
100 1 _aFuks, Ladislav
260 _bČeskoslovenský spisovateľ
_aPraha
_c1986
020 _c22
044 _aCZ
041 _acze
999 _c10564
_d10564